Normal view
MARC view
Entry Nombre personal
001 - NÚMERO DE CONTROL
- campo de control: 83273
003 - IDENTIFICADOR DEL NÚMERO DE CONTROL
- campo de control: DO-SdBNP
005 - FECHA Y HORA DE LA ÚLTIMA TRANSACCIÓN
- campo de control: 20230418092342.0
008 - DATOS DE LONGITUD FIJA
- campo de control de longitud fija: 230418|| aca||aabn | a|a d
040 ## - FUENTE DE LA CATALOGACIÓN
- Centro catalogador/agencia de origen: DO-SdBNP
- Centro/agencia transcriptor: DO-SdBNP
100 ## - ENCABEZAMIENTO-NOMBRE DE PERSONA
- Nombre de persona: Carballo, Oscar,
- Fechas asociadas al nombre: 1951
- Título de la obra: Óleo- tela: Sin Título
- Subdivisión general: Arte contemporáneo
- Subdivisión geográfica: Santiago de Cuba
670 ## - FUENTE DE DATOS ENCONTRADOS
- Cita de la fuente: Work cat.: (DO-SdBNP)53286: Huellas de la pintura cubana de hoy. /
